LEADER 01009cam0-2200349---450- 001 990006450030403321 005 20140324113804.0 035 $a000645003 035 $aFED01000645003 035 $a(Aleph)000645003FED01 035 $a000645003 100 $a20010426d1967----km-y0itay50------ba 101 0 $aita 102 $aIT 105 $aaf------001yy 200 1 $a<>Italia nel Seicento e nel Settecento$fFranco Valsecchi 210 $aTorino$cUtet$d1967 215 $aXI, 889 p., [10] c. di tav.$cill.$d26 cm 225 1 $aSocietà e costume$v06 610 0 $aItalia$aCiviltà$aSec. 17.-18. 676 $a945.09 676 $a390.0945 700 1$aValsecchi,$bFranco$f<1903-1991>$0134111 801 0$aIT$bUNINA$gRICA$2UNIMARC 901 $aBK 912 $a990006450030403321 952 $aCOLLEZ. 1284 (6)$b6196$fFSPBC 952 $a390.09 SEC 1 (6)$bBibl. 42972$fFLFBC 959 $aFSPBC 959 $aFLFBC 996 $aItalia nel Seicento e nel Settecento$9148944 997 $aUNINA LEADER 01195nam0-22003491i-450- 001 990004365900403321 005 20041015142138.0 010 $a88-8319-077-7 035 $a000436590 035 $aFED01000436590 035 $a(Aleph)000436590FED01 035 $a000436590 100 $a19990604d1997----km-y0itay50------ba 101 0 $aita 102 $aIT 105 $a--------101yy 200 1 $aLessico e grammatica$eteorie linguistiche e applicazioni lessicografiche$eatti del convegno interannuale della Società di linguistica italiana, Madrid, 21-25 febbraio 1995$fa cura di Tullio De Mauro e Vincenzo Lo Cascio 210 $aRoma$cBulzoni$d1997 215 $aX, 462 p.$d21 cm 225 1 $aPubblicazioni della Società di linguistica italiana$v36 610 0 $aLingua italiana$aLessico$aCongressi$aMadrid$a1995 676 $a453.028 702 1$aDe Mauro,$bTullio$f<1932- > 702 1$aLo Cascio,$bVincenzo 710 02$aSLI$9$0152547 801 0$aIT$bUNINA$gRICA$2UNIMARC 901 $aBK 912 $a990004365900403321 952 $aP.3 COLL.9(36)$fFLFBC 959 $aFLFBC 996 $aLessico e grammatica$9541246 997 $aUNINA